El vuelo del dragón /

Guardado en:
Autor Principal: Méndez, Mario
Otros Autores: Nine, Lucas; il.
Formato: Libro
Publicado: Buenos Aires : Alfaguara, 2013.
Series:Alfaguara Infantil. Morada
Materias:
Etiquetas: Agregar Etiqueta
Sin Etiquetas, Sea el primero en etiquetar este registro!
LEADER 00690nam a22002295a 4500
001 CEM.cems019779
008 221020s2013##################000#0#####d
005 20221020093548.0
245 1 0 |a El vuelo del dragón /  |c Mario Méndez ; ilustrado por Lucas Nine. 
260 |a Buenos Aires :  |b Alfaguara,  |c 2013. 
300 |a 112 p. 
490 0 |a Alfaguara Infantil. Morada 
020 |a 9789870414810 
100 1 |a Méndez, Mario 
700 1 |a Nine, Lucas; il. 
082 0 4 |a A863.4 
653 |a Literatura 
653 |a Literatura argentina 
653 |a Literatura infantil 
653 |a Novela 
653 |a Novela Infantil 
859 |a CEMS  |b BIB. CEMS - Inicial y Primaria  |h A863.4  |i M522-2  |k IP  |p 4434  |t Ej.1